Städte an Flussmündungen - Statistiken

Allgemein
  • Dieses Quiz wurde 84 mal gespielt
  • Das Durchschnittsergebnis liegt bei 12 aus 20
Antwortstatistiken
Flussmündung Stadt % Korrekt
Weser->Nordsee Bremerhaven
91%
Mosel -> Rhein Koblenz
89%
Neckar->Rhein Mannheim
85%
Ruhr->Rhein Duisburg
84%
Mississippi->Golf von Mexiko New Orleans
80%
Hudson->Atlantik New York
79%
Inn->Donau Passau
76%
Weichsel->Ostsee Danzig
75%
Main->Rhein Wiesbaden
72%
Jangtse->Ostchinesisches Meer Shanghai
64%
Oder->Oderhaff Stettin
57%
Save->Donau Belgrad
55%
Iller->Donau Ulm
52%
Saone->Rhone Lyon
51%
Douro->Atlantik Porto
49%
Blauer Nil + Weißer Nil -> Nil Khartum
45%
Rio Negro->Amazonas Manaus
44%
Hase->Ems Meppen
29%
Oka->Wolga Nischni Nowgorod
12%
Magdalena->Karibisches Meer Barranquilla
9%
Keine übereinstimmenden Quizze gefunden
Verteilung der Resultate
Anzahl Personen mit jedem Resultat
Perzentil nach korrekt beantworteten Fragen
Ihre Resultats-Entwicklung
Sie haben dieses Quiz noch nicht gespielt